000
003270000a22001450004500
005
20120302064216.0
942
_c
BOOK
100
_a
Parker,Julia & Derek
245
_a
The secret world of your dreams
250
_a
1st
260
_a
London:Judy piatkus ltd.,1994.
300
_a
238p.
040
_a
Eng
650
_a
Dreams
999
_c
361564
_d
361561